Quizzes
Events
Quiz Creation
Community
Videos
Private Events
Remove Ads
Sign In
Join for FREE
Feedback
Dark Mode
Quiz Categories
Sports
Geography
Music
Movies
Television
Just For Fun
Miscellaneous
History
Literature
Language
Science
Gaming
Entertainment
Religion
Holiday
For Kids
Quiz Lab
Recent
Popular Today
Quiz Kudos Today
Editor Picks
Curator Picks
Quizzes by...
Day
Popularity
Type
Ratings
Length
Year
Community
Subscriptions
Recent Discussions
Orange Saloon
Badges
Playlists
Quests
Create
Leaderboards
Showdown
Live 5
Trivia Bingo
Activity
Puzzle Library
Sporcle Events
Private Events
Virtual Trivia
Globe League
Become a Host
Pub Owners
SporcleCon
Opinionation
Our Games
Videos
Blog
Mobile Apps
Partnerships
Remove Ads and Go Orange
Feedback
Just For Fun
Clickable
Get the Picture
Humor
Quick Pick
Word Ladder
Missing Word
Mixed Word
Blitz
Minefield
This or That
Alphabet
Color
Typing
Sporcle
Puzzle
Word Play
Follow That Line
Logic
Just For Fun
Clickable
Get the Picture
Humor
Quick Pick
Word Ladder
Missing Word
Mixed Word
Blitz
Minefield
This or That
Alphabet
Color
Typing
Sporcle
Puzzle
Word Play
Follow That Line
Logic
Random Quiz
Search Sporcle
×
Quiz Lab
Quiz Lab
Just For Fun
Athletes
Type in answers that appear in a list
Type in answers that appear in a list
Classic
Best Score? Go Orange.
Jordan Shoes Stats
Can you name the Jordan Shoes?
By
jetmar
10m
23 Questions
1,163 Plays
1,163 Plays
1,163 Plays
Comments
Comments
Give Quiz Kudos
Give Quiz Kudos
-
- Ratings
hide this ad
More Info
Forced Order
Answers have to be entered in order
Answers have to be entered in order
Random Order
Randomize order of answers
Randomize order of answers
Replay
Link that replays current quiz
Next Quiz
Link to next quiz in quiz playlist
You Got
0%
They Got
Avg Score
26%
Avg Friend Score
Upgrade to see
Score Distribution
Jump to the score distribution portion of the page
Score
0/23
Timer
10:00
0
Plays Today
Description
Name
% Correct
Modeled after MJ's signature Ferrari, he wore these to buzzer beat the Jazz
14
53.8%
The sole features MJ's career accolades
10
49.7%
Boyz II Men and Bugs Bunny wore these
11
44%
Soles imitate a panther's paw, sides like a panther's pitted cheeks, and even a panther's hologram-
like eye
13
40.5%
Featured a patent leather removable shroud
16
29.7%
Inspired by motorcycles has a strap over the center of the shoe
20
29.6%
These J's sport a signature elephant print trim
3
29%
Despite being banned by the NBA, MJ wore 'em and took the fines
1
28.3%
They call 'em the OG's
12
26.5%
It was supposed to look like a space ship
15
24.8%
MJ won his first ring wearing these
6
22.4%
Came with it's own CD and song
17
22.4%
Description
Name
% Correct
Released just after MJ's final retirement, the original Black Mambas
19
22%
Part of the Alpha-
Omega package, it was designed after the F-
22 fighter jet
22
21.1%
MJ wore these as he made 'the shot' against the Cavs
4
20.6%
Also known as 'Hares' this shoe uses Nike Huarache Technology
7
20.6%
The first shoes to sport clear rubber soles
5
19.6%
This shoe gave his airness enough bounce to win his first slam dunk title
2
19.4%
For the first time, wearers could choose between zoom and encapsulated air suspensions
21
18.1%
An eco-
friendly design that reuses material from other shoes.
23
16.9%
The stitching on the soles is supposed to parallel italian dress shoes
18
16.2%
The sole shows symbols and languages from around the world
9
15.6%
The Punisher
8
11.2%
Quiz Playlist
Details
Report
Send in Message
Add To Playlist
More Info:
Shoe Heads unite
Classic:
Type in answers that appear in a list
Forced Order:
Answers have to be entered in order
Random Order:
Randomize order of answers
Last Updated: Feb 16, 2017
Quiz Scoreboard
CHALLENGE
Sign Up to Join the Scoreboard
Show All
Scores
Hide
Comments
May contain spoilers
Recently Published
An Introduction to Baseball
by treessimontrees
Sports
5m
Movies - When Are They Set?
by FPL_Elf
Movies
5m
Popular People in 1961
by mucciniale
History
6m
More to Explore
Quiz From the Vault
Featured Blog Post
Where Did the Easter Bunny Come From?
hide this ad
You Might Also Like...
Tags
Athletes Quiz
Basketball Quiz
chicago
Chicago Bulls
fashion
Fashion Logos
Michael Jordan
nike
Nike Endorsers
Today's Top Quizzes in Just For Fun
Browse Just For Fun
hide this ad
Today's Top Quizzes in Athletes
Browse Athletes
Top Contributed Quizzes in Just For Fun
1
Crossword Whiteout! 49
2
Harry Potter Logic - 'In Chains' II
3
Killer Double Trees 224 - Colour Match-Up
4
Survivor Winners Logic Puzzle
5
Zeroing In: Just For Fun
6
Word Ladder: Ahoy Matey
7
Thermometer Puzzle 25
8
Aquarium Logic Puzzle 17
9
Edinburgh Fringe jokes 2015
10
Big Thermometer Puzzle 21
Explore More
Trending Topics
Harry Potter
Marvel
NBA
Disney
Kpop
Anime
Crossword
Soccer
Song
Pokémon
Puzzle
WWE
The Office
NFL
Country
hide this ad
More By:
jetmar
Quiz
Plays
Rating
Category
Featured
Created
Jordan Shoes
1,163
2.00
Just For Fun
Sep 12, 2011
Go to Creator's Profile
Score Distribution
Quiz Creator Spotlight
jetmar
Follow
Send a Message
Quizzes Created
-
Created Quiz Play Count
-
More By This Creator
Popular Quizzes Today
1
Find the Countries of Europe - No Outlines Minefield
2
Find the US States - No Outlines Minefield
3
The Countries of the World
4
Popular People in 1961
5
US States
6
Find the US States
7
1-10 Letter E Words III
8
Risky Map Clicking: Biggest States A-Z
More Just For Fun Quizzes
Missing Word: National Lampoon's
Published
Trending Quizzes
Risky Map Clicking: Least Populous States A-Z
1-10 Letter F Words
1-10 Letter G Words
Not Quite an Element Typing Challenge
One Thing in Common: United Kingdom
Recently Updated
Leaping Animals
pecheneg
Reality TV Shows (A-Z)
bhenderson79
Rickey Henderson's Hall of Fame Teammates
pecheneg
Champions League XIs: Arsenal
pecheneg
Quick Pick: Celebrities in WWE's Hall of Fame
aduchscher
A-Z Keypad Blitz II
pecheneg
Multiple Oscar Actors
pecheneg
Mystery Phrase Blitz: Oscar 'Best Actors'
pecheneg
F. Scott Fitzgerald Novels
LTH
Pick 3 Villains
ddd62291
Trending Topics
Marvel
Crossword
Harry Potter
Anime
Disney
NBA
Kpop
Country
NFL
The Office
WWE
Song
Pokémon
Puzzle
Soccer
Your Account Isn't Verified!
In order to create a playlist on Sporcle, you need to verify the email address you used during registration. Go to your
Sporcle Settings
to finish the process.
Report this User
Report this user for behavior that violates our
Community Guidelines
.
Details:
Send Report
Go to the Sporcle.com Mobile Site →
Comments